000 00751nam a2200217Ia 4500
003 OSt
005 20260127125744.0
008 220923b |||||||| |||| 00| 0 eng d
037 _cGeneral Book
040 _aRTL
_cRTL
_beng
041 _2eng
_aeng
084 _aX:8N9.5923.N8 , M3
_qRTL
100 _aEstrin Saul
_9250347
245 0 _aSelf-management
_b Economic theory and Yogoslav practice
260 _aCambridge
_bCambridge University Press UK
_c1983
300 _aix , 266 p. Bib : 258-61P.
_bIncludes bibliographical references and index
500 _aSoviet and East European Studies
650 _aPublic Report Management
_91112079
942 _hX:8N9.5923.N8 , M3
_cGB
_2CC
_n0
999 _c495335
_d495335